Io un travestito /

में बचाया:
ग्रंथसूची विवरण
मुख्य लेखक: Franciolini, Roberto (लेखक)
स्वरूप: पुस्तक
भाषा:इतालवी
प्रकाशित: Torino : M.E.B., c1970
श्रृंखला:La confusione dei sessi
टैग: टैग जोड़ें
कोई टैग नहीं, इस रिकॉर्ड को टैग करने वाले पहले व्यक्ति बनें!

MARC

LEADER 00000nam a22000007i 4500
001 IT\ICCU\MO1\0011501
003 ItRI
005 20260115232342.0
008 061107s1970 it |||||| ||||| |||||c
040 |b ita  |c importazione bologna sebina 
041 7 |a ita  |2 ISO-639-2 
100 1 |a Franciolini, Roberto  |0 IT\ICCU\SBLV\209605  |4 aut 
245 1 0 |a Io un travestito /  |c Roberto Franciolini. 
260 |a Torino :  |b M.E.B.,  |c c1970 
300 |a 160 p. ;  |c 21 cm. 
830 3 |a La confusione dei sessi  |0 IT\ICCU\SBL\0425385 
942 |2 ddc  |c BK  |n 0 
952 |0 0  |1 0  |4 0  |6 T_853_914000000000000_FRA  |7 0  |9 24662  |a BO  |b BO  |d 2026-01-15  |i 109  |l 0  |o T 853.914 FRA  |p BO109  |r 2026-01-15 23:23:42  |w 2026-01-15  |x [Sebina 7] [1 v.]  |y BK  |z 1 v. 
999 |c 20975  |d 20975